LEADER 01028naa a2200229 u 4500 001 000000102445 003 CaOOAMICUS 005 20070226130211.0 008 060512s2005 it u000 u ger u 035 $a11088806 040 $aIAR$bita 100 1 $aMüller, Gerhard,$d1929-$0(OLS)http://pul/name/13965 245 10$a[Recensione :] Martin Bucer zwischen Luther und Zwingli; hg. v. B. Hamm u. M. Arnold /$c[Gerhard Müller]. 260 $aBologna :$bEd. Dehoniane,$c2005. 300 $aS. 833-838 ;$c22 cm 500 $aIAR: FF-51.26 600 14$aHamm, Berndt$tMartin Bucer zwischen Luther und Zwingli.$0(OLS)http://pul/subject/32913 730 0 $aCristianesimo nella storia$g[Spogli].$0(OLS)http://pul/title/7312 773 0 $aCristianesimo nella storia ;.$tvol. XXVI (2005) 773 0 $tCristianesimo nella storia$w()5012 996 $6245$a[Recensione :] Martin Bucer zwischen Luther und Zwingli; hg. v. B. Hamm u. M. Arnold$9(OLS)http://pul/title/129353 996 $6260$aBologna :$bEd. Dehoniane$9(OLS)http://pul/publisher/48282 LEADER 01236nam a2200277 u 4500 001 000000110751 003 CaOOAMICUS 005 20080326135857.0 008 080326s2008 it u000 u ita u 020 $z978-88-348-7660-2* 040 $aMSA$bita$dPUL$dBc 100 1 $aAdam, Roberto.$0(OLS)http://pul/name/35855 245 10$aLineamenti di diritto dell'Unione europea /$cRoberto Adam, Antonio Tizzano. 260 $aTorino :$bGiappichelli,$c2008. 300 $axxv, 363 p. ;$c24 cm. 504 $aInclude indici e bibliografia in nota. 610 14$aUnione europea$xDiritto.$0(OLS)http://pul/subject/27384 650 4$aDiritto$zEuropa.$0(OLS)http://pul/subject/17036 650 4$aDiritto privato$zEuropa.$0(OLS)http://pul/subject/20861 700 1 $aTizzano, Antonio,$d1940-$0(OLS)http://pul/name/35854 850 $aPUL 852 $aPUL$W1$xDP2 Diritto e Scienze Sociali 3$y110$m341. 24 ADARO 1$j126914$qDDC 21$B125626$CPULBib$Z2$F125626 $H106768 $82 941 1 $a9 996 $6020$z978-88-348-7660-2*$9(OLS)http://pul/number/137590 996 $6245$aLineamenti di diritto dell'Unione europea$9(OLS)http://pul/title/139282 996 $6260$aTorino :$bGiappichelli$9(OLS)http://pul/publisher/48244